No Worries.

Saved in:
書目詳細資料
主要作者: Parr, Martin (Author)
其他作者: Hedley, Alex (Editor)
格式: 圖書
出版: Sidney, Australia: T&G Publishing, 2011.
主題:
標簽: 添加標簽
沒有標簽, 成為第一個標記此記錄!

MARC

LEADER 00000nam a22000007a 4500
003 CL-VaPUC
005 20250321101937.0
008 250128t2011 ||||| |||| 00| 0 eng d
999 |c 446922  |d 446920 
020 |a 9780987079084 
040 |c Pontificia Universidad Católica de Valparaíso 
082 |a 779 PAR 2011 
100 |9 895968  |a Parr, Martin  |e author 
245 |a No Worries. 
260 |a Sidney, Australia:  |b T&G Publishing,  |c 2011. 
300 |a 125 páginas:  |b fotografías. 
500 |a c.1. Instituto Arcos.08-01-2025. 
583 |c 20250128  |k Gabriela Rodríguez Cuevas 
650 0 |9 268494  |a Fotografías  |x Ciudades portuarias  |z Australia 
700 |9 895982  |a Hedley, Alex  |e editor 
942 |2 ddc  |c BK  |n 0 
952 |0 0  |1 0  |2 ddc  |4 0  |6 779_000000000000000_PAR_2011  |7 0  |9 600076  |a BIBINC  |b BIBINC  |c GEN  |d 2025-01-28  |e Instituto Arcos  |i 5664928  |l 1  |o 779 PAR 2011  |p 5664928  |r 2025-03-19  |s 2025-03-19  |t 1  |w 2025-01-28  |y BK  |k IFP